Fire Emblem Sacred Stones Kingdoms - Statistics

General Stats
  • This quiz has been taken 25 times
  • The average score is 8 of 12
Answer Stats
Hint Answer % Correct
Kingdom Grado
96%
Kingdom Renais
96%
Kingdom Jehanna
91%
Kingdom Frelia
78%
Ruler King Fado
74%
Ruler King Hayden
70%
Kingdom Rausten
70%
Ruler Emperor Vigarde
65%
Kingdom Carcino
61%
Ruler Queen Ismaire
61%
Ruler Pontifex Mansel
52%
Ruler Council of Elders
17%
No matching quizzes found
Score Distribution
Percent of People with Each Score
Percentile by Number Answered
Your Score History
You have not taken this quiz